| 000 | 01379nam a22002417a 4500 | ||
|---|---|---|---|
| 003 | OSt | ||
| 005 | 20210301160111.0 | ||
| 008 | 210301s1974 sp ||||gr|||| 00| 0 spa d | ||
| 040 |
_cCO-JMCR _aCO-JMCR |
||
| 041 | 0 | _aspa | |
| 082 | 0 | 4 |
_a337.1 / _bT858d _223 |
| 100 | 1 |
_aTrotsky, _eautor _914180 |
|
| 245 | 1 | 3 |
_aEl debate soviético sobre la ley del valor / _cTrotsky, Bajarin, Preobrazhenski, [y 3 más] |
| 260 |
_aMadrid, España : _bAlberto editores, _c1974 |
||
| 300 |
_a315 páginas ; _c21 cm. |
||
| 490 | 0 |
_aComunicación ; _v25 |
|
| 505 | 0 |
_tInforme sobre la nueva política económica soviética y las perspectiva de la revolución / _rTrotsky -- _tLas categorías económicas del capitalismo durante el periodo de transición / _rBujarin -- _rLas perspectivas de la nueva política económica / _tPreobrazhensky -- _rLas cuestiones económicas al orden del día / _tKamenev -- _r¿Hacia el capitalismo o hacia el socialismo? / _tTrotsky -- _rEl partido y el bloque de la oposición / _tBujarin -- _rLa utilidad del estudio teórico de la economía soviética / _tPreobrazhensky -- _rSobre el regulador de la economía soviética / _tLapidus y Ostrovitianov |
|
| 650 | 1 | 4 |
_aEconomía marxista. _914181 |
| 650 | 1 | 4 |
_aRusia _xPolítica económica _y1917-1928 _914182 |
| 700 | 1 |
_aBajarin, _eautor _914183 |
|
| 700 | 1 |
_aPreobrazhenski, _eautor _914184 |
|
| 942 |
_2ddc _cBK |
||
| 999 |
_c7393 _d7393 |
||